000 00716nam a22001817a 4500
008 090618t xxu||||| |||| 00| 0 eng d
020 _a0333694651
082 _221
_a620.00452
_bCAR
100 _aCarter, A. D. S.
_q(Alfred Denis Snowden)
_96421
245 _aMechanical Reliability and Design /
_cA.D.S. Carter.
260 _aBasingstoke :
_bMacmillan,
_cc1997.
300 _axv, 199p. :
_bill. ;
_c25cm.
504 _aIncludes bibliographical references and index.
650 _aMachine design.
_96422
650 _aReliability (Engineering)
_96423
942 _2ddc
_cBB
999 _c11886
_d11886